|
|
|
|
| LEADER |
02092cam a2200565 i 4500 |
| 001 |
nkc20152731244 |
| 003 |
CZ PrNK |
| 005 |
20170609084932.0 |
| 007 |
ta |
| 008 |
150828s2015 xr ae g f 001 0 cze d |
| 015 |
|
|
|a cnb002731244
|
| 020 |
|
|
|a 978-80-256-1625-3
|q (brožováno)
|
| 035 |
|
|
|a (OCoLC)932000261
|
| 040 |
|
|
|a ULG001
|b cze
|d BOA001
|d ABA001
|e rda
|
| 041 |
1 |
|
|a cze
|h eng
|
| 043 |
|
|
|a e-fr---
|
| 072 |
|
7 |
|a 913(4)
|x Geografie Evropy, reálie, cestování
|2 Konspekt
|9 7
|
| 080 |
|
|
|a 913(44)
|2 MRF
|
| 080 |
|
|
|a (036)913
|2 MRF
|
| 080 |
|
|
|a (084.3)
|2 MRF
|
| 100 |
1 |
|
|a Le Nevez, Catherine
|7 mzk2009496242
|4 aut
|
| 240 |
1 |
0 |
|a Pocket Paris.
|l Česky
|
| 245 |
1 |
0 |
|a Paříž :
|b do kapsy : zajímavosti, tipy na výlet, vše po ruce /
|c Catherine Le Nevez ; překlad: Eva Cachová
|
| 246 |
1 |
|
|i Název v tiráži:
|a Paříž do kapsy
|
| 250 |
|
|
|a První české vydání
|
| 264 |
|
1 |
|a Praha :
|b Svojtka & Co.,
|c 2015
|
| 300 |
|
|
|a 224 stran :
|b barevné ilustrace, plány ;
|c 16 cm +
|e 1 mapa (39 x 54 cm složeno na 13 x 9 cm)
|
| 336 |
|
|
|a text
|b txt
|2 rdacontent
|
| 337 |
|
|
|a bez média
|b n
|2 rdamedia
|
| 338 |
|
|
|a svazek
|b nc
|2 rdacarrier
|
| 490 |
1 |
|
|a Lonely Planet
|
| 490 |
1 |
|
|a Do kapsy
|
| 500 |
|
|
|a Přeloženo z angličtiny
|
| 500 |
|
|
|a Na zadní straně obálky chybně uvedeno: 2nd Czech edition
|
| 500 |
|
|
|a Obsahuje rejstřík
|
| 651 |
|
7 |
|a Paříž (Francie)
|7 ge130380
|2 czenas
|
| 651 |
|
9 |
|a Paris (France)
|2 eczenas
|
| 655 |
|
7 |
|a turistické průvodce
|7 fd133738
|2 czenas
|
| 655 |
|
7 |
|a plány měst
|7 fd133027
|2 czenas
|
| 655 |
|
9 |
|a tourist guidebooks
|2 eczenas
|
| 655 |
|
9 |
|a city maps
|2 eczenas
|
| 700 |
1 |
|
|a Cachová, Eva
|7 xx0075253
|4 trl
|
| 830 |
|
0 |
|a Z řady průvodců Lonely Planet
|0 s
|
| 830 |
|
0 |
|a Do kapsy (Svojtka & Co.)
|0 s
|
| 910 |
2 |
|
|a BOA001
|b 1-1354.580
|
| 990 |
|
|
|a BK
|
| 995 |
|
|
|a 01
|
| 991 |
|
|
|b 201510
|c NOV
|e n
|
| 996 |
6 |
|
|b 2610647127
|c 1-1354.580
|l MZK
|r Sklad / do 1 hodiny
|n 2
|p p.v.
|w 001526612
|u 000010
|a 1
|e BOA001
|j MZK50
|s P
|
| 996 |
7 |
|
|b 2610710281
|c 1-1354.580
|l MZK
|r Sklad / do 1 hodiny
|n 10
|p dar
|w 001526612
|u 000030
|a 1
|e BOA001
|j MZK50
|s A
|